Tools for thought
Zapisane w:
| 1. autor: | |
|---|---|
| Format: | Książka |
| Język: | Undetermined |
| Wydane: |
United Kingdom
Paladin
1977
|
| Hasła przedmiotowe: | |
| Etykiety: |
Dodaj etykietę
Nie ma etykietki, Dołącz pierwszą etykiete!
|
| Thư viện lưu trữ: | Trung tâm Học liệu Trường Đại học Cần Thơ |
|---|
| LEADER | 00441nam a2200169Ia 4500 | ||
|---|---|---|---|
| 001 | CTU_78518 | ||
| 008 | 210402s9999 xx 000 0 und d | ||
| 082 | |a 153.4 | ||
| 082 | |b W118 | ||
| 100 | |a Waddington, C. H. | ||
| 245 | 0 | |a Tools for thought | |
| 245 | 0 | |c C. H. Waddington | |
| 260 | |a United Kingdom | ||
| 260 | |b Paladin | ||
| 260 | |c 1977 | ||
| 650 | |a Thought and thinking | ||
| 980 | |a Trung tâm Học liệu Trường Đại học Cần Thơ | ||